000 00432nam a2200169 i 4500
001 bg
100 1 _aDINDUN, A. S.
245 0 _aRadiacionnye kontury - istocniki gamma-izlucenija /
_cA.S. Dindun, V.V. Gavar, E.J. Tomson.
260 _aRiga,
_c1969.
700 1 _aGAVAR, V. V.
700 1 _aTOMSON, E. J.
040 _cBPK
041 _apol
080 _a621.039.55
942 _cKS
008 s pl f |000 0 pol
999 _c8934
_d8934
856 _uhttp://koha.tu.koszalin.pl/cgi-bin/koha/opac-detail.pl?biblionumber=8934
_yKatalog online BPK